Daně ze spotřeby Svět daní. 12
Charakteristika nepriamych daní. Dane zo spotreby: dane všeobecné, dane spotrebné. Daň z pridanej hodnoty a jej výhody a nevýhody. Spotrebná daň alebo akcízy. Dane zo spotreby vo vybraných štátoch (Česko, Francúzsko, Nemecko, Švédsko, USA, V. Británia).
Salvato in:
| Autore principale: | |
|---|---|
| Natura: | Capitolo di libro |
| Lingua: | ceco |
| Soggetti: | |
| Tags: |
Nessun Tag, puoi essere il primo ad aggiungerne!!
|
MARC
| LEADER | 00000naa a2200000 4500 | ||
|---|---|---|---|
| 001 | r025967 | ||
| 005 | 20230920093703.0 | ||
| 041 | 0 | |a cze | |
| 044 | |a CZ | ||
| 245 | 1 | 0 | |a Daně ze spotřeby |b Svět daní. 12 |c Květa Kubátová |
| 520 | |a Charakteristika nepriamych daní. Dane zo spotreby: dane všeobecné, dane spotrebné. Daň z pridanej hodnoty a jej výhody a nevýhody. Spotrebná daň alebo akcízy. Dane zo spotreby vo vybraných štátoch (Česko, Francúzsko, Nemecko, Švédsko, USA, V. Británia). | ||
| 610 | 2 | 0 | |a dane |
| 610 | 2 | 0 | |a dane nepriame |
| 610 | 2 | 0 | |a dane spotrebné |
| 610 | 2 | 0 | |a dane z hodnoty pridanej |
| 610 | 2 | 0 | |a Česko |
| 610 | 2 | 0 | |a Francúzsko |
| 610 | 2 | 0 | |a Nemecko |
| 610 | 2 | 0 | |a Švédsko |
| 610 | 2 | 0 | |a USA |
| 610 | 2 | 0 | |a Veľká Británia |
| 100 | 1 | |a Kubátová, Květa | |